Les featurings de Werenoi - Statistiques

Statistiques générales
  • Ce quiz a été pris 378 fois
  • Le résultat moyen est 16 sur 23
Statistiques - réponses
Département Artiste Sons % Correct
BEL Damso Pyramide (2024), Triple V (2025)
97%
75 Gims Piano (2025)
97%
91 Ninho 3 singes (2022), Ciao (2023), Triple V (2025)
97%
92 SDM Dans un verre (2024), METALLICA (2024), Jalouse (2025)
96%
93 Maes Selfie (2022), La vie de star (2024), CORDILLÈRE (2024)
89%
92 PLK Escorte (2023), En pétard (2024)
85%
BEL Hamza Maudit (2024), DRAGONS (2025)
84%
13 SCH Magot (2023), La vie de star (2024)
84%
94 Lacrim Señor de los Gallos (2021), Nos labels c'est du papel (2023), Ali (2023)
80%
93 Heuss L'enfoiré Mélanine (2024)
79%
93 Tiakola Tout seul (2023)
78%
93 Gazo La famine (2024)
74%
93 Aya Nakamura Chaleur (2024)
72%
Unknown Vacra Jalouse (2025)
67%
94 Rimkus Sale histoire (2022), Ali (2023)
61%
972 Kalash Clair de Lune (2025)
56%
94 Hös Copperfield PHOTO (2023), ON EN REPARLERA (2023)
55%
Unknown DYSTINCT Boss (2025)
54%
US Gunna Gulfstream (2025)
54%
US Lil Tjay FTR (2025)
54%
93 Dinos Performante (2025)
52%
45 Dosseh La vie de Cesar (2022)
50%
93 Mac Tyer Ali (2023)
31%
Aucun quiz correspondant
Distribution des résultats
% des personnes avec chaque résultat
Percentile par nombre de réponses
Votre historique - résultats
Vous n’avez pas pris ce quiz